| 000 | 00648nam a22001817a 4500 | ||
|---|---|---|---|
| 999 |
_c17345 _d17345 |
||
| 008 | 220928b ||||| |||| 00| 0 eng d | ||
| 020 | _a9781984659538 | ||
| 082 |
_22022 _aDC 647.940688 _bM583 |
||
| 245 | _aMicro perspectives of tourism and hospitality. | ||
| 250 | _a2nd edition. | ||
| 260 |
_aNew York : _b3G E-Learning, _c©2022. |
||
| 300 |
_axv, 474 pages : _bcolor illustrations ; _c25 cm. _e1 compact disc. |
||
| 500 | _aIncludes bibliographical references and index. | ||
| 650 |
_aHospitality industry _xMarketing. _946158 |
||
| 650 |
_aTourist trade _xMarketing. _93050 |
||
| 650 |
_aTourism _xMarketing. _946159 |
||
| 942 |
_2ddc _cDC |
||